| 000 | 01441nam0a2200385 4500 | ||
|---|---|---|---|
| 001 | RU\NLR\bibl\240898 | ||
| 005 | 20260405152908.0 | ||
| 010 |
_a5-272-00162-1 _bВ пер. _94000 |
||
| 021 |
_aRU _b2001-43259 _92064 |
||
| 035 | _a(NLR Aleph) 000236779 | ||
| 090 |
_a1379098 _c1379098 |
||
| 100 | _a20020305d2001 |||y0rusy50 ca | ||
| 101 | 0 | _arus | |
| 102 | _aRU | ||
| 105 | _aa ||||||||| | ||
| 200 | 1 |
_aДиагностика нервных болезней _eРук. для врачей _fЛ. А. Улицкий, М. Л. Чухловина |
|
| 210 |
_aСПб. и др. _cПитер _cПитер бук _d2001 |
||
| 215 |
_a477, [1] с. _cил. _d21 |
||
| 225 | 1 | _aСовременная медицина | |
| 320 | _aБиблиогр.: с. 459-478 | ||
| 606 | 0 |
_aНервные болезни _jРуководства, пособия и т.п. _xДиагностика _91247104 _3RU\NLR\auth\66192993 |
|
| 610 | 0 | _aНервные болезни - Диагностика | |
| 675 |
_a616.8-07 _v3 _zrus |
||
| 686 |
_a76.29 _2rugasnti |
||
| 686 |
_a56.12 _2rubbk |
||
| 686 | _aР62-4я77 | ||
| 700 | 1 |
_aУлицкий _bЛ. А. _4070 |
|
| 701 | 1 |
_4070 _7ca _8rus _aЧухловина _bМ. Л. _gМария Лазаревна _946883 _3RU\NLR\auth\7763954 |
|
| 801 | 0 |
_aRU _bRKP _c20020305 _gPSBO |
|
| 801 | 1 |
_aRU _bRKP _c20020305 |
|
| 801 | 2 |
_aRU _bNLR _c20080425 _grcr |
|
| 942 | _cBOOK | ||
| 980 | _aNB | ||